Southville International School and Colleges
Your cart is empty.
  • Cart
  • Lists
    Public lists Eva Luna New books Lux_list list_1
    Your lists Log in to create your own lists
  • Log in to your account
  • Your cookies
  • Search history
Southville International School and Colleges
  • Advanced search
  • Recent comments
  • Most popular
  • Libraries

Log in to your account

Log in with GOOGLE


If you do not have an external account, but do have a local account, you can still log in:

  1. Home
  2. MARC view: The fine line :
Normal view MARC view ISBD view

The fine line : (Record no. 8351)

[ view plain ]
MARC details
000 -LEADER
fixed length control field 00708nam a22002177a 4500
003 - CONTROL NUMBER IDENTIFIER
control field OSt
005 - DATE AND TIME OF LATEST TRANSACTION
control field 20140310182021.0
008 - FIXED-LENGTH DATA ELEMENTS--GENERAL INFORMATION
fixed length control field 130731t xxu||||| |||| 00| 0 eng d
020 ## - INTERNATIONAL STANDARD BOOK NUMBER
International Standard Book Number 9782970038504
050 ## - LIBRARY OF CONGRESS CALL NUMBER
Classification number PE 1128
Item number .W187 2003
082 ## - DEWEY DECIMAL CLASSIFICATION NUMBER
Classification number TR 428.24
Item number W15 2003
100 ## - MAIN ENTRY--PERSONAL NAME
Personal name Wallace, Ellen
9 (RLIN) 7054
245 ## - TITLE STATEMENT
Title The fine line :
Remainder of title communicating clearly in English in an internaitonal setting /
Statement of responsibility, etc Ellen Wallace.
260 ## - PUBLICATION, DISTRIBUTION, ETC. (IMPRINT)
Place of publication, distribution, etc London, United Kingdom :
Name of publisher, distributor, etc Zidao Communication.,
Date of publication, distribution, etc c2003.
300 ## - PHYSICAL DESCRIPTION
Extent 168 p. :
Dimensions 24 cm.
541 ## - IMMEDIATE SOURCE OF ACQUISITION NOTE
-- 1
562 ## - COPY AND VERSION IDENTIFICATION NOTE
Number of copies 1
650 ## - SUBJECT ADDED ENTRY--TOPICAL TERM
Topical term or geographic name as entry element Communication, International.
9 (RLIN) 7055
650 ## - SUBJECT ADDED ENTRY--TOPICAL TERM
Topical term or geographic name as entry element English language
General subdivision International education.
9 (RLIN) 7056
942 ## - ADDED ENTRY ELEMENTS (KOHA)
Source of classification or shelving scheme Library of Congress Classification
Koha item type
Call number prefix
Holdings
Withdrawn status Lost status Source of classification or shelving scheme Damaged status Home library Current library Shelving location Date acquired Total Checkouts Full call number Barcode Date last seen Copy number Price effective from Koha item type
    Library of Congress Classification   Luxembourg Library Luxembourg Library Teachers Reference Section 07/31/2013   PE 1128 .W187 2003 13217 05/25/2015 1 07/31/2013 Books

The fine line :

APA

Wallace E., . (2003). The fine line. London, United Kingdom: Zidao Communication.

Chicago

Wallace Ellen, . 2003. The fine line. London, United Kingdom: Zidao Communication.

Harvard

Wallace E., . (2003). The fine line. London, United Kingdom: Zidao Communication.

MLA

Wallace Ellen, . The fine line. London, United Kingdom: Zidao Communication. 2003.

  • Place hold
  • Print
  • Cite
  • Add to your cart (remove)
  • Save record
    BIBTEX Dublin Core MARCXML MARC (non-Unicode/MARC-8) MARC (Unicode/UTF-8) MARC (Unicode/UTF-8, Standard) MODS (XML) RIS
  • More searches
    Search for this title in:
    Other Libraries (WorldCat) Other Databases (Google Scholar) Online Stores (Bookfinder.com) Open Library (openlibrary.org)

Exporting to Dublin Core...

SOUTHVILLE LIBRARY

Southville International School and Colleges Library

1281 Tropical Ave. Cor. Luxembourg St., BF Homes International, Las Pinas City

Tel. No. 8256374 / 252358 Loc. 117/146

Powered by Koha